Mzdový systém vo vybranom podniku bakalárska práca

Gespeichert in:
Bibliographische Detailangaben
1. Verfasser: Husárová, Hana
Körperschaft: Fakulta podnikového manažmentu EU. Katedra podnikovohospodárska
Weitere Verfasser: Kufelová, Iveta, 1970-
Format: Buch
Sprache:Slowakisch
Veröffentlicht: Bratislava 2024
Tags: Tag hinzufügen
Keine Tags, Fügen Sie das erste Tag hinzu!

MARC

LEADER 00000nbm a2200000 4500
001 0301996
005 20250205143700.0
041 0 |a slo 
044 |a SK 
245 1 0 |a Mzdový systém vo vybranom podniku  |b bakalárska práca  |c Hana Husárová ; školiteľ: Iveta Kufelová 
264 1 |a Bratislava  |c 2024 
300 |a 53 s. 
100 1 |a Husárová, Hana 
700 1 |a Kufelová, Iveta, 1970- 
710 2 |a Fakulta podnikového manažmentu EU. Katedra podnikovohospodárska